Borussia Dortmund players by pictures - Statistics

General Stats
  • This quiz has been taken 60 times
  • The average score is 14 of 16
Answer Stats
Picture Answer % Correct
Axel Witsel
100%
Erling Haaland
100%
Jude Bellingham
100%
Marco Reus
100%
Robert Lewandowski
100%
Christian Pulisic
98%
Mats Hummels
98%
Pierre-Emerick Aubameyang
98%
Mario Götze
96%
Ciro Immobile
85%
Thorgan Hazard
85%
Sven Bender
83%
Roman Weidenfeller
81%
Matthias Ginter
77%
Lukasz Piszczek
75%
Erik Durm
67%
No matching quizzes found
Score Distribution
Percent of People with Each Score
Percentile by Number Answered
Your Score History
You have not taken this quiz